| 000 | 00805cam a22001691 4500 | ||
|---|---|---|---|
| 082 |
_a320 _bMAC |
||
| 100 | 1 |
_aMacphail, Andrew. _949678 |
|
| 245 | 0 | 0 |
_aEssays in politics, _cby Andrew Macphail. |
| 260 |
_aLondon, _aNew York [etc.] _bLongmans, Green and co., _c1909. |
||
| 300 |
_av, 301 p. _c21 cm. |
||
| 500 | _aTitle vignette. | ||
| 505 | 0 | _aI. The patience of England.--II. Loyalty--to what.--III. The Dominion and the spirit.--IV. What can Canada do.--V. New lamps for old.--VI. A patent anomaly.--VII. Protection and politics.--VIII. Why the Conservatives failed.--IX. The psychology of Canada.--X. British diplomacy and Canada. | |
| 526 |
_a0 _b0 _c0 _d320_000000000000000_MAC |
||
| 650 | 0 |
_aTariff _zCanada. _949679 |
|
| 856 | 4 | 1 | _uhttp://www.loc.gov/catdir/toc/fy0605/09035942.html |
| 942 |
_2ddc _cBK |
||
| 999 |
_c552464 _d552464 |
||